Computer organization and design

This is a revision of the classic introduction to the field for all computer scientists and engineers. It includes improved examples of current architectures and updated pipelining and memory chapters to address modern processors.

Saved in:
Bibliographic Details
Main Author: Patterson, David A.
Format: Book
Language:Undetermined
Published: New York Elsevier 2005
Subjects:
Tags: Add Tag
No Tags, Be the first to tag this record!
Institutions: Trung tâm Học liệu Trường Đại học Cần Thơ
LEADER 00774nam a2200205Ia 4500
001 CTU_103731
008 210402s9999 xx 000 0 und d
020 |c 26.96 
082 |a 004.22 
082 |b P317 
100 |a Patterson, David A. 
245 0 |a Computer organization and design 
245 0 |c David A. Patterson 
260 |a New York 
260 |b Elsevier 
260 |c 2005 
520 |a This is a revision of the classic introduction to the field for all computer scientists and engineers. It includes improved examples of current architectures and updated pipelining and memory chapters to address modern processors. 
650 |a Computer organization,Computer engineering 
904 |i Tuyến 
980 |a Trung tâm Học liệu Trường Đại học Cần Thơ